Every D1 NCAA College in California - Statistics

General Stats
  • This quiz has been taken 59 times
    50 since last reset
  • The average score is 16 of 25
Answer Stats
Hint Answer % Correct
Golden Bears California
95%
Bruins UCLA
93%
Toreros San Diego
90%
Trojans USC
90%
Aztecs SDSU
83%
Cardinal Stanford
80%
Aggies UC Davis
80%
Bulldogs Fresno St
78%
Spartans San Jose State
70%
Anteaters UC Irvine
68%
Mustangs Cal Poly
60%
The Beach Long Beach State
60%
Hornets Sacramento State
60%
Gauchos UC Santa Barbara
60%
Titans CSU Fullerton
58%
Waves Pepperdine
58%
Gaels Saint Mary's
55%
Highlanders UC Riverside
55%
Tritons UC San Diego
53%
Broncos Santa Clara
50%
Tigers Pacific
48%
Roadrunners CSU Bakersfield
45%
Matadors CSU Northridge
40%
Lancers California Baptist
38%
Lions Loyola Marymount
35%
No matching quizzes found
Score Distribution
Percent of People with Each Score
Percentile by Number Answered
Your Score History
You have not taken this quiz since the last reset